000 00340nam a2200133Ia 4500
008 240624s9999 xx 000 0 und d
041 _aeng
082 _a333.7201 SCR
100 _aSCRUTON ROGER
245 _aHOW TO THINK SERIOUSLY ABOUT THE PLANET
260 _c2012
_aNew Delhi
_bOxford
300 _a457 : p. : cm. ; 22
365 _c
_b38
999 _c28274
_d28274